000 01885nam a2200301Ia 4500
999 _c52904
_d52904
001 19934
003 GE_BSU
005 20200515230006.0
008 181216s2000||||ge |||||||||||||| ||geo||
040 _cGE_BSU
041 _ageo
080 _a811.353.1'282 ჭ-72
100 _aჭოხონელიძე, ნინელი
_98061
245 _aკორელაციურ ფუძეთა ისტორია ქართულ ენაში /
_cნინელი ჭოხონელიძე ; რედ. ალექსი ჭინჭარაული
264 _aთბილისი :
_bქართული ენა,
_c2000.
300 _a120 გვ. ;
_c20 სმ.
500 _aწიგნში ნაჩვენებია ძველი ქართულის რომელ ფუძეებთან და როდის იჩენს თავს კორელაცია, რა სახის ცვლილებებია მისთვის დამახასიათებელი დიალექტებში ისტორიული თვალსაზრისით და რით უნდა აიხსნას იგი სამწერლო ენაში
504 _aბიბლიოგრ. : გვ. 114-117
541 _h4ლ.
653 _aქართული ენა
653 _aძველი ქართული ენა
653 _a ფუძეთა კორელაცია
653 _a ქართული ენის დიალექტები
700 _aჭინჭარაული, ალექსი
_eრედაქტორი
_98062
710 _aსაქ. მეცნ. აკადემია
_94066
710 _aენათმეცნიერების ინსტიტუტი
_98063
942 _cBK
_2udc